Statistics for Where Were These Famous People Born?

Click here to take the quiz!

General Stats

  • This quiz has been taken 27 times
  • The average score is 6 of 15

Answer Stats

PersonCountry% Correct
Freddie MercuryTanzania
88%
Elon MuskSouth Africa
77%
Natalie PortmanIsrael
69%
Charlize TheronSouth Africa
65%
Mila KunisUkraine
65%
Chinua AchebeNigeria
54%
Emily WatsonFrance
38%
Nasim PedradIran
38%
Gene SimmonsIsrael
23%
Charlene, Princess of MonacoZimbabwe
23%
Cole SprouseItaly
19%
Dylan SprouseItaly
19%
Amy AdamsItaly
15%
Nick DrakeMyanmar
12%
Joe StrummerTurkey
12%

Score Distribution

Percentile by Number Answered

Percent of People with Each Score

Your Score History

You have not taken this quiz